MARC

LEADER 00000nam0a2200000 4500
001 174596
005 20231031164851.0
035 |a (RuTPU)RU\TPU\book\189327 
090 |a 174596 
100 |a 20100130d1969 m y0rusy50 ca 
101 0 |a rus 
102 |a RU 
105 |a a j 001zy 
200 1 |a Задачник по теории колебаний  |h Ч. 1  |f Б. Г. Макаров, Т. Р. Никифорова, Г. Н. Пученкин  |g Ленинградский механический институт (ЛМИ) 
210 |a Ленинград  |d 1969 
215 |a 235 с.  |c черт. 
610 1 |a колебания 
610 1 |a задачи 
610 1 |a равновесие 
610 1 |a устойчивость 
675 |a 534.01(076)  |v 3 
700 1 |a Макаров  |b Б. Г. 
701 1 |a Никифорова  |b Т. Р.  |g Тамара Романовна 
701 1 |a Пученкин  |b Г. Н. 
712 0 2 |a Ленинградский механический институт (ЛМИ)  |2 stltpush  |3 (RuTPU)RU\TPU\col\7670 
801 1 |a RU  |b 63413507  |c 20100130 
801 2 |a RU  |b 63413507  |c 20221102  |g RCR 
942 |c BK